000 00981cam a22002537i 4500
005 20160124084957.0
008 030714s2000 enkb b 001 0 eng d
020 _a1853836958
040 _aEYM
_cEYM
_dIUL
_dTXA
_dVVC
_dCUT
_dOrLoB-B
_dDLC
_dCO-BoIAVH
041 _aeng
042 _alccopycat
082 0 4 _a333.7
_bE61e
245 0 0 _aEnvironmental valuation :
_ba worldwide compendium of case studies /
_cedited by Jennifer Rietbergen-McCracken and Hussein Abaza.
246 3 0 _aWorldwide compendium of case studies
260 _a[Nairobi, Kenya] :
_bUNEP,
_c2000.
300 _avi, 232 páginas ;
_c24 cm.
504 _aIncluye referencias bibliográficas e índice.
650 1 4 _aEconomía ambiental
_vEstudio de casos.
650 2 4 _aValoración
_vEstudio de casos.
700 1 _aRietbergen-McCracken, Jennifer,
_d1962-,
_eeditor.
700 1 _aAbaza, Hussein,
_eeditor.
710 2 _aUnited Nations Environment Programme.
942 _2ddc
_cLIBRO
999 _c2756
_d2756